Southville International School and Colleges
Your cart is empty.
  • Cart
  • Lists
    Public lists Eva Luna New books Lux_list list_1
    Your lists Log in to create your own lists
  • Log in to your account
  • Your cookies
  • Search history
Southville International School and Colleges
  • Advanced search
  • Recent comments
  • Most popular
  • Libraries

Log in to your account

Log in with GOOGLE


If you do not have an external account, but do have a local account, you can still log in:

  1. Home
  2. MARC view: Writing the research paper :
Normal view MARC view ISBD view

Writing the research paper : (Record no. 2235)

[ view plain ]
MARC details
000 -LEADER
fixed length control field 01112nam a2200313 a 4500
001 - CONTROL NUMBER
control field 729751
003 - CONTROL NUMBER IDENTIFIER
control field OSt
005 - DATE AND TIME OF LATEST TRANSACTION
control field 20151027113533.0
008 - FIXED-LENGTH DATA ELEMENTS--GENERAL INFORMATION
fixed length control field 990316s1999 txua bf 001 0 eng
010 ## - LIBRARY OF CONGRESS CONTROL NUMBER
LC control number 98088048
020 ## - INTERNATIONAL STANDARD BOOK NUMBER
International Standard Book Number 9814066222
040 ## - CATALOGING SOURCE
Original cataloging agency DLC
Transcribing agency DLC
050 00 - LIBRARY OF CONGRESS CALL NUMBER
Classification number LB 2369
Item number .W775 1999
082 00 - DEWEY DECIMAL CLASSIFICATION NUMBER
Classification number IB 808.02
Item number W72 1999
100 1# - MAIN ENTRY--PERSONAL NAME
Personal name Winkler, Anthony C.
245 10 - TITLE STATEMENT
Title Writing the research paper :
Remainder of title a handbook with both the MLA and APA documentation styles
Statement of responsibility, etc Anthony C. Winkler, Jo Ray McCuen.
250 ## - EDITION STATEMENT
Edition statement 5th ed.
260 ## - PUBLICATION, DISTRIBUTION, ETC. (IMPRINT)
Place of publication, distribution, etc Fort Worth, TX :
Name of publisher, distributor, etc Harcourt College Publishers,
Date of publication, distribution, etc c1999.
300 ## - PHYSICAL DESCRIPTION
Extent 358 p. :
Other physical details ill. ;
Dimensions 23 cm.
504 ## - BIBLIOGRAPHY, ETC. NOTE
Bibliography, etc Includes bibliographical references (p. 301-344) and index.
562 ## - COPY AND VERSION IDENTIFICATION NOTE
Number of copies for circulation.1 copy available in the collection
650 #0 - SUBJECT ADDED ENTRY--TOPICAL TERM
Topical term or geographic name as entry element Report writing
General subdivision Handbooks, manuals, etc.
650 #0 - SUBJECT ADDED ENTRY--TOPICAL TERM
Topical term or geographic name as entry element Research
General subdivision Handbooks, manuals, etc.
700 1# - ADDED ENTRY--PERSONAL NAME
Personal name McCuen, Jo Ray,
Dates associated with a name 1929-
906 ## - LOCAL DATA ELEMENT F, LDF (RLIN)
a 7
b cbc
c orignew
d 2
e opcn
f 19
g y-gencatlg
942 ## - ADDED ENTRY ELEMENTS (KOHA)
Source of classification or shelving scheme Library of Congress Classification
Koha item type Books
Holdings
Withdrawn status Lost status Source of classification or shelving scheme Damaged status Home library Current library Shelving location Date acquired Total Checkouts Total Renewals Full call number Barcode Date last seen Date checked out Copy number Price effective from Koha item type
    Library of Congress Classification   Luxembourg Library Luxembourg Library International Baccalaureate Section 03/08/2013 1 1 LB 2369 .W775 1999 13698 08/07/2019 08/22/2017 1 10/03/2013 Books

Writing the research paper :

APA

Winkler A. C., McCuen J. R., . (1999). Writing the research paper. Fort Worth, TX: Harcourt College Publishers.

Chicago

Winkler Anthony C, McCuen Jo Ray, . 1999. Writing the research paper. Fort Worth, TX: Harcourt College Publishers.

Harvard

Winkler A. C., McCuen J. R., . (1999). Writing the research paper. Fort Worth, TX: Harcourt College Publishers.

MLA

Winkler Anthony C, McCuen Jo Ray, . Writing the research paper. Fort Worth, TX: Harcourt College Publishers. 1999.

  • Place hold
  • Print
  • Cite
  • Add to your cart (remove)
  • Save record
    BIBTEX Dublin Core MARCXML MARC (non-Unicode/MARC-8) MARC (Unicode/UTF-8) MARC (Unicode/UTF-8, Standard) MODS (XML) RIS
  • More searches
    Search for this title in:
    Other Libraries (WorldCat) Other Databases (Google Scholar) Online Stores (Bookfinder.com) Open Library (openlibrary.org)

Exporting to Dublin Core...

SOUTHVILLE LIBRARY

Southville International School and Colleges Library

1281 Tropical Ave. Cor. Luxembourg St., BF Homes International, Las Pinas City

Tel. No. 8256374 / 252358 Loc. 117/146

Powered by Koha